00459nam a22001457a 450000500170000000800410001702000280005804100130008608200130009910000270011224500590013926000580019830000310025665000260028720240118074211.0240118b |||||||| |||| 00| 0 eng d a0409003301 ; 0409003425 aEnglish  a349 JOU  aJoubert, WA lEnglish  aThe Law of South Africa : Criminal Law / cWA Joubert  aDurban : bButterworth and Company (Pty) Ltd, c1981  bvii, 600 pages ;c26,5 cm. aLegal practice bLaw